000 00728nam a22002057a 4500
003 DO-SdBNP
005 20260219105724.0
008 110627s2018 dr 000 0 spa d
040 _aDO-SdBNP
_bspa
_cBNPHU
082 _a378.7293
_bU588s, 2018
110 2 _aUniversidad Católica de Santo Domingo
_91476
245 1 0 _aSeptuagésima sexta graduación ordinaria :
_bAuditorio Casa San Pablo 27 - 28 de junio de 2018
260 _aSanto Domingo :
_bUniversidad Católica Santo Domingo,
_c2018.
300 _a[32 p.] ;
_c21 cm.
590 _aInventariado, 2022/ YL
650 4 _aUniversidades
_zRepública Dominicana
_9729
650 0 _aEducación superior
_zRepública Dominicana
_9730
910 _aYLockward
942 _2ddc
_cLF2
999 _c51596
_d51596